LEADER 01073nam0-22003611i-450- 001 990005601770403321 005 20141028125225.0 035 $a000560177 035 $aFED01000560177 035 $a(Aleph)000560177FED01 035 $a000560177 100 $a19990604d1966----km-y0itay50------ba 101 0 $aita 102 $aIT 105 $aa---ac--001yy 200 1 $aPittura tardoromana$fWladimiro Dorigo$gprefazione di Sergio Bettini 210 $aMilano$cFeltrinelli$d1966 215 $aXV, 358 p.$cill.$d28 cm 610 0 $aPittura romana$aSec. 1.-6. 676 $a759.01$v21$zita 700 1$aDorigo,$bWladimiro$f<1927- >$010395 702 1$aBettini,$bSergio$f<1905-1986> 801 0$aIT$bUNINA$gRICA$2UNIMARC 901 $aBK 912 $a990005601770403321 952 $a759.01 DOR 1$bST.ARTE 7198$fFLFBC 952 $a14.161$b4981$fDARST 952 $a759.01 DOR 1 (BIS)$bARCH. 12869$fFLFBC 952 $a759.01 DOR 1 (TER)$bIst.Fil.Cl.3431$fFLFBC 959 $aFLFBC 959 $aDARST 996 $aPittura tardoromana$9282620 997 $aUNINA LEADER 00967nam0-22003011i-450- 001 990005472270403321 005 20071123095424.0 035 $a000547227 035 $aFED01000547227 035 $a(Aleph)000547227FED01 035 $a000547227 100 $a19990604d1917----km-y0itay50------ba 101 0 $aita 105 $ay-------001yy 200 1 $aArchivi ecclesiastici di terra d'Otranto$eTaranto, Brindisi, Narḍ, Castellaneta$fF. Antonio Primaldo Coco 210 $aLecce$cFratelli Spacciante$d1917 215 $a34 p.$d25 cm 300 $aEstratto dalla Rivista Storica Salentina, anno XI, n. 9-12 610 0 $aArchivi ecclesiastici$aInventari 676 $a026.282 700 1$aCoco,$bAntonio Primaldo$0428852 801 0$aIT$bUNINA$gRICA$2UNIMARC 901 $aBK 912 $a990005472270403321 952 $a026.282 COC 1$bST.MED.MOD. 3753$fFLFBC 959 $aFLFBC 996 $aArchivi Ecclesiastici di Terra d'Otranto$9246688 997 $aUNINA